<?xml version="1.0" encoding="UTF-8"?>
<record
    xmlns:xsi="http://www.w3.org/2001/XMLSchema-instance"
    xsi:schemaLocation="http://www.loc.gov/MARC21/slim http://www.loc.gov/standards/marcxml/schema/MARC21slim.xsd"
    xmlns="http://www.loc.gov/MARC21/slim">

  <leader>01261cam a22002651i 4500</leader>
  <controlfield tag="001">82599</controlfield>
  <controlfield tag="003">BD-RjUL</controlfield>
  <controlfield tag="005">20240114114123.0</controlfield>
  <controlfield tag="008">240112s1947    ii            000 0 arar </controlfield>
  <datafield tag="035" ind1=" " ind2=" ">
    <subfield code="a">(BD-RjUL)82599</subfield>
  </datafield>
  <datafield tag="040" ind1=" " ind2=" ">
    <subfield code="a">DLC</subfield>
    <subfield code="b">eng</subfield>
    <subfield code="e">rda</subfield>
    <subfield code="c">DLC</subfield>
    <subfield code="d">DLC</subfield>
  </datafield>
  <datafield tag="041" ind1=" " ind2=" ">
    <subfield code="a">ara</subfield>
  </datafield>
  <datafield tag="082" ind1=" " ind2=" ">
    <subfield code="2">23</subfield>
    <subfield code="a">340.59</subfield>
    <subfield code="b">BAM 1947</subfield>
  </datafield>
  <datafield tag="100" ind1="1" ind2=" ">
    <subfield code="a">&#x200F;&#x628;&#x647;&#x627;&#x631;&#x64A;&#x60C; &#x645;&#x62D;&#x628; &#x627;&#x644;&#x644;&#x647; &#x628;&#x646; &#x639;&#x628;&#x62F; &#x627;&#x644;&#x634;&#x643;&#x648;&#x631;&#x60C;&#x200F;  ;;  Bah&#x101;r&#x12B;, Mu&#x1E25;ibb All&#x101;h ibn &#x2BB;Abd al-Shak&#x16B;r,</subfield>
    <subfield code="d">-1707 or 1708,</subfield>
    <subfield code="e">author.</subfield>
    <subfield code="9">10806</subfield>
  </datafield>
  <datafield tag="245" ind1="1" ind2="0">
    <subfield code="a">&#x645;&#x633;&#x644;&#x645; &#x627;&#x644;&#x62B;&#x628;&#x648;&#x62A; &#x61B; &#x645;&#x639;&#x60C; &#x62D;&#x627;&#x634;&#x64A;&#x62A;&#x647; &#x627;&#x644;&#x62A;&#x639;&#x644;&#x64A;&#x642; &#x627;&#x644;&#x645;&#x646;&#x639;&#x648;&#x62A;   ;;  Musallam al-thub&#x16B;t ma'a, hashiatuh alta'aliq almanaut/</subfield>
    <subfield code="c">Mu&#x1E25;ibb All&#x101;h al-Bih&#x101;r&#x12B; ; ma&#x2BB;a al-&#x1E25;aw&#x101;sh&#x12B; al-muf&#x12B;dah wa-al-&#x12B;&#x1E0D;&#x101;&#x1E25;&#x101;t al-jad&#x12B;dah lil-Maulav&#x12B; Mu&#x1E25;ammad Faiz&#x324; al-&#x1E24;asan, wa-hiya Maf&#x101;ti&#x1E25; al-buy&#x16B;t.</subfield>
  </datafield>
  <datafield tag="264" ind1=" " ind2="1">
    <subfield code="a">&#x200F;Kanpur :</subfield>
    <subfield code="b">Idarat al Tahat al Haj,</subfield>
    <subfield code="c">1947</subfield>
  </datafield>
  <datafield tag="300" ind1=" " ind2=" ">
    <subfield code="a">364 pages ;</subfield>
    <subfield code="c">35 cm</subfield>
  </datafield>
  <datafield tag="336" ind1=" " ind2=" ">
    <subfield code="a">text</subfield>
    <subfield code="b">txt</subfield>
    <subfield code="2">rdacontent</subfield>
  </datafield>
  <datafield tag="337" ind1=" " ind2=" ">
    <subfield code="a">unmediated</subfield>
    <subfield code="b">n</subfield>
    <subfield code="2">rdamedia</subfield>
  </datafield>
  <datafield tag="338" ind1=" " ind2=" ">
    <subfield code="a">volume</subfield>
    <subfield code="b">nc</subfield>
    <subfield code="2">rdacarrier</subfield>
  </datafield>
  <datafield tag="650" ind1=" " ind2="0">
    <subfield code="a">Islamic law</subfield>
    <subfield code="x">Interpretation and construction</subfield>
    <subfield code="v">Early works to 1800.</subfield>
    <subfield code="9">10807</subfield>
  </datafield>
  <datafield tag="650" ind1=" " ind2="0">
    <subfield code="a">Hanafites</subfield>
  </datafield>
  <datafield tag="700" ind1="1" ind2=" ">
    <subfield code="a">&#x200F;&#x643;&#x646;&#x643;&#x648;&#x647;&#x64A;&#x60C; &#x645;&#x62D;&#x645;&#x62F; &#x641;&#x64A;&#x636; &#x627;&#x644;&#x62D;&#x633;&#x646;. ;; Kank&#x16B;h&#x12B;, Mu&#x1E25;ammad Fay&#x1E0D; al-&#x1E24;asan,</subfield>
    <subfield code="e">editor.</subfield>
    <subfield code="9">10808</subfield>
  </datafield>
  <datafield tag="942" ind1=" " ind2=" ">
    <subfield code="2">ddc</subfield>
    <subfield code="c">BK</subfield>
  </datafield>
  <datafield tag="999" ind1=" " ind2=" ">
    <subfield code="c">82599</subfield>
    <subfield code="d">82599</subfield>
  </datafield>
  <datafield tag="952" ind1=" " ind2=" ">
    <subfield code="0">0</subfield>
    <subfield code="1">0</subfield>
    <subfield code="2">ddc</subfield>
    <subfield code="4">0</subfield>
    <subfield code="7">1</subfield>
    <subfield code="8">NFIC</subfield>
    <subfield code="a">RUCL</subfield>
    <subfield code="b">RUCL</subfield>
    <subfield code="c">Reading</subfield>
    <subfield code="d">1956-04-06</subfield>
    <subfield code="e">Hazi abdul Qayum</subfield>
    <subfield code="o">A 340.59 BAM 1947</subfield>
    <subfield code="r">2024-01-14 00:00:00</subfield>
    <subfield code="t">C-1</subfield>
    <subfield code="y">BK</subfield>
  </datafield>
</record>
